[Event "Carballo Concello 6th"]
[Site "Carballo"]
[Date "2023.08.27"]
[Round "4"]
[White "Espineira Gonzalez, Diego Adrian"]
[Black "Martinez Ramirez, Lennis"]
[Result "0-1"]
[WhiteElo "2301"]
[BlackElo "2426"]
[PlyCount "106"]
[EventDate "2023.08.25"]
[EventType "swiss"]
[EventRounds "9"]
[EventCountry "ESP"]
[SourceTitle "EXT 2024"]
[Source "ChessBase"]
[SourceDate "2023.10.10"]
[SourceVersion "1"]
[SourceVersionDate "2023.10.10"]
[SourceQuality "1"]

1. e4 c5 2. Nf3 e6 3. d4 cxd4 4. Nxd4 a6 5. Bd3 Qb6 6. Nb3 Nc6 7. Nc3 Nf6 8. Be3 Qc7 9. f4 d6 10. Qe2 b5 11. a3 Be7 12. g4 b4 13. axb4 Nxb4 14. g5 Nd7 15. h4 Rb8 16. h5 Nxd3+ 17. Qxd3 Nc5 18. Qc4 0-0 19. 0-0 Rb7 20. Ra3 f5 21. exf5 Rxf5 22. Nd4 d5 23. Qe2 Rf8 24. Qg2 Rxb2 25. h6 Rf7 26. g6 hxg6 27. Qxg6 Bf8 28. f5 Rf6 29. Qg2 Ne4 30. Nxe4 dxe4 31. Rb3 Rxb3 32. cxb3 exf5 33. Rc1 Qd7 34. Qc2 Bb7 35. Qc7 Qd5 36. hxg7 Bd6 37. Qd8+ Kxg7 38. Kh1 Bg3 39. Qe7+ Qf7 40. Qxf7+ Kxf7 41. Rc5 Kg6 42. Ne2 Bd6 43. Nf4+ Kf7 44. Ra5 Bc7 45. Ra2 Rh6+ 46. Kg2 Bb6 47. Bxb6 Rxb6 48. Ra3 Rc6 49. Ra5 Rc2+ 50. Kg3 Kf6 51. b4 Rc4 52. Nh5+ Kg5 53. Ng7 Bc8 0-1

[Event "Sada Coruna op"]
[Site "Sada"]
[Date "2022.09.06"]
[Round "4"]
[White "Grana Lois, Jorge"]
[Black "Espineira Gonzalez, Diego Adrian"]
[Result "0-1"]
[WhiteElo "2085"]
[BlackElo "2331"]
[PlyCount "68"]
[EventDate "2022.09.04"]
[EventType "swiss"]
[EventRounds "9"]
[EventCountry "ESP"]
[SourceTitle "CBM 210 Extra"]
[Source "ChessBase"]
[SourceDate "2022.11.30"]
[SourceVersion "1"]
[SourceVersionDate "2022.11.30"]
[SourceQuality "1"]

1. e4 c5 2. c3 d5 3. exd5 Qxd5 4. d4 Nc6 5. Nf3 Bg4 6. Be2 cxd4 7. cxd4 e6 8. 0-0 Nf6 9. Be3 Be7 10. Nc3 Qd6 11. a3 0-0 12. Qb3 a6 13. Rfd1 Rfd8 14. Rac1 b5 15. h3 Bh5 16. Qa2 Rac8 17. b4 h6 18. Ne1 Bxe2 19. Qxe2 Qb8 20. Rd3 a5 21. bxa5 Bxa3 22. Rb1 Nb4 23. Nc2 Nxd3 24. Qxd3 b4 25. Nxa3 Rxc3 26. Qxc3 bxc3 27. Rxb8 Rxb8 28. Kf1 Nd5 29. Ke2 Nxe3 30. fxe3 Ra8 31. Nb5 c2 32. Kd2 Rxa5 33. Nc3 Ra1 34. Kxc2 Rg1 0-1

[Event "Maia op 6th"]
[Site "Maia"]
[Date "2022.08.31"]
[Round "8"]
[White "Martinez Duany, Lelys Stanley"]
[Black "Espineira Gonzalez, Diego Adrian"]
[Result "1/2-1/2"]
[WhiteElo "2511"]
[BlackElo "2336"]
[PlyCount "93"]
[EventDate "2022.08.26"]
[EventType "swiss"]
[EventRounds "9"]
[EventCountry "POR"]
[SourceTitle "CBM 210 Extra"]
[Source "ChessBase"]
[SourceDate "2022.11.30"]
[SourceVersion "1"]
[SourceVersionDate "2022.11.30"]
[SourceQuality "1"]

1. Nf3 Nf6 2. c4 e6 3. g3 d5 4. Bg2 Be7 5. 0-0 0-0 6. b3 c5 7. cxd5 Nxd5 8. Bb2 Nc6 9. Nc3 Bf6 10. Qc1 b6 11. Ne4 Bxb2 12. Qxb2 Bb7 13. d4 cxd4 14. Nxd4 Nxd4 15. Qxd4 Qe7 16. Rfd1 Rfd8 17. Qb2 Rac8 18. Rac1 h6 19. h4 a5 20. Rxc8 Rxc8 21. Rc1 Rxc1+ 22. Qxc1 Qb4 23. Kh2 Kf8 24. Nd2 b5 25. Ne4 Qe7 26. Nc5 Bc6 27. e4 Nc7 28. Na6 Nxa6 29. Qxc6 Qa7 30. Qd6+ Ke8 31. Kg1 b4 32. Bf1 Nb8 33. Bb5+ Nd7 34. Kg2 h5 35. f3 Kd8 36. Bxd7 Qxd7 37. Qf8+ Kc7 38. Qxg7 Qd2+ 39. Kh3 Qxa2 40. Qxf7+ Kd6 41. Qxh5 a4 42. bxa4 b3 43. Qb5 b2 44. Qb6+ Kd7 45. Qb7+ Ke8 46. Qc8+ Ke7 47. Qc7+ 1/2-1/2

[Event "Carballo Concello 4th"]
[Site "Carballo"]
[Date "2021.09.01"]
[Round "1"]
[White "Fernandez Ramos, Iago"]
[Black "Espineira Gonzalez, Diego Adrian"]
[Result "0-1"]
[WhiteElo "1625"]
[BlackElo "2310"]
[PlyCount "30"]
[EventDate "2021.09.01"]
[EventType "swiss"]
[EventRounds "9"]
[EventCountry "ESP"]
[SourceTitle "EXT 2022"]
[Source "ChessBase"]
[SourceDate "2021.10.06"]
[SourceVersion "1"]
[SourceVersionDate "2021.10.06"]
[SourceQuality "1"]

1. e4 c5 2. Nf3 e6 3. d3 d5 4. Nbd2 Bd6 5. g3 Nc6 6. Bg2 Nge7 7. 0-0 0-0 8. Nh4 Bc7 9. f4 f5 10. b3 dxe4 11. Ba3 exd3 12. Bxc5 Bb6 13. Bf2 dxc2 14. Qxc2 Nb4 15. Qc4 Qxd2 0-1

[Event "POR-chT"]
[Site "Peniche"]
[Date "2021.07.22"]
[Round "5.2"]
[White "Espineira Gonzalez, Diego Adrian"]
[Black "Galego, Luis"]
[Result "1/2-1/2"]
[WhiteElo "2339"]
[BlackElo "2483"]
[PlyCount "78"]
[EventDate "2021.07.19"]
[EventType "team-tourn"]
[EventRounds "9"]
[EventCountry "POR"]
[SourceTitle "CBM 203 Extra"]
[Source "ChessBase"]
[SourceDate "2021.09.30"]
[SourceVersion "1"]
[SourceVersionDate "2021.09.30"]
[SourceQuality "1"]
[WhiteTeam "Amanha da Crianca"]
[BlackTeam "Assembleia Figueirense"]
[WhiteTeamCountry "POR"]
[BlackTeamCountry "POR"]

1. e4 c5 2. Nf3 e6 3. d4 cxd4 4. Nxd4 a6 5. Bd3 Qb6 6. Nb3 Nf6 7. Nc3 d6 8. 0-0 Be7 9. Be3 Qc7 10. f4 Nc6 11. Qf3 Nb4 12. a3 Nxd3 13. cxd3 Bd7 14. Rac1 Qb8 15. h3 0-0 16. g4 d5 17. e5 Ne8 18. Bc5 Bxc5+ 19. Nxc5 Bc8 20. d4 f5 21. Rf2 b6 22. Nd3 Ra7 23. g5 Rc7 24. Rfc2 Rff7 25. a4 a5 26. Nb5 Rxc2 27. Rxc2 Bd7 28. Ne1 Bxb5 29. axb5 Rc7 30. Rc3 Rxc3 31. Qxc3 Qc7 32. Nc2 Qxc3 33. bxc3 Nc7 34. Na3 Kf7 35. Kg2 Kg6 36. Kg3 Kh5 37. h4 Kg6 38. Kf3 Kh5 39. Kg3 Kg6 1/2-1/2

[Event "Galicia-ch"]
[Site "Padron"]
[Date "2021.04.04"]
[Round "7"]
[White "Espineira Gonzalez, Diego Adrian"]
[Black "Larino Nieto, David"]
[Result "1/2-1/2"]
[WhiteElo "2338"]
[BlackElo "2447"]
[PlyCount "32"]
[EventDate "2021.04.01"]
[EventType "swiss"]
[EventRounds "8"]
[EventCountry "ESP"]
[SourceTitle "CBM 201 Extra"]
[Source "ChessBase"]
[SourceDate "2021.05.31"]
[SourceVersion "1"]
[SourceVersionDate "2021.05.31"]
[SourceQuality "1"]

1. e4 e6 2. d4 d5 3. exd5 exd5 4. Bd3 Bd6 5. Ne2 Ne7 6. Bf4 Bf5 7. 0-0 0-0 8. c3 c6 9. Qc2 Bxd3 10. Qxd3 Ng6 11. Bxd6 Qxd6 12. Nd2 Nd7 13. Rfe1 Rfe8 14. Nf3 Nf6 15. Ng3 Rxe1+ 16. Rxe1 Re8 1/2-1/2

[Event "Galicia-ch"]
[Site "Padron"]
[Date "2021.04.03"]
[Round "5"]
[White "Espineira Gonzalez, Diego Adrian"]
[Black "Casares Ripoll, Fernando"]
[Result "1-0"]
[WhiteElo "2338"]
[BlackElo "2098"]
[PlyCount "93"]
[EventDate "2021.04.01"]
[EventType "swiss"]
[EventRounds "8"]
[EventCountry "ESP"]
[SourceTitle "CBM 201 Extra"]
[Source "ChessBase"]
[SourceDate "2021.05.31"]
[SourceVersion "1"]
[SourceVersionDate "2021.05.31"]
[SourceQuality "1"]

1. e4 e5 2. Nf3 Nc6 3. Bb5 g6 4. 0-0 Bg7 5. Re1 Nge7 6. c3 0-0 7. d4 exd4 8. cxd4 d5 9. exd5 Nxd5 10. h3 h6 11. Nc3 Nce7 12. Be3 Nf5 13. Rc1 c6 14. Nxd5 Qxd5 15. Bc4 Qd6 16. Qd2 Nxe3 17. Qxe3 Bf5 18. Qe7 Rad8 19. Qxb7 Rd7 20. Qa6 Bxd4 21. Nxd4 Qxd4 22. Qxc6 Rd6 23. Qc7 Be6 24. Bxe6 fxe6 25. Re2 Qf4 26. Rce1 Rf7 27. Qc5 Rb6 28. b3 Rc7 29. Qa5 Qf5 30. Qd2 Kg7 31. Qd8 Rf7 32. Qd4+ Qf6 33. Qc5 Qe7 34. Qc4 Qf6 35. Rd1 e5 36. Qd5 Re6 37. Rde1 Rfe7 38. Re4 Rd6 39. Qa5 Ra6 40. Qd2 Rd6 41. Qe2 Rde6 42. f4 Ra6 43. fxe5 Qb6+ 44. Kh1 Rf7 45. e6 Rf2 46. e7 Rxe2 47. R4xe2 1-0

[Event "POR-chT"]
[Site "Penafiel"]
[Date "2020.08.25"]
[Round "6.1"]
[White "Espineira Gonzalez, Diego Adrian"]
[Black "Dardha, Daniel"]
[Result "1/2-1/2"]
[WhiteElo "2386"]
[BlackElo "2445"]
[PlyCount "96"]
[EventDate "2020.08.22"]
[EventType "team-tourn"]
[EventRounds "9"]
[EventCountry "POR"]
[SourceTitle "CBM 198 Extra"]
[Source "ChessBase"]
[SourceDate "2020.11.30"]
[SourceVersion "1"]
[SourceVersionDate "2020.11.30"]
[SourceQuality "1"]
[WhiteTeam "Amanha da Crianca"]
[BlackTeam "Montemor o Velho"]
[WhiteTeamCountry "POR"]
[BlackTeamCountry "POR"]

1. e4 c5 2. Nf3 Nc6 3. d4 cxd4 4. Nxd4 Nf6 5. Nc3 e5 6. Ndb5 d6 7. Bg5 a6 8. Na3 b5 9. Bxf6 gxf6 10. Nd5 f5 11. g3 fxe4 12. Bg2 Bg7 13. Bxe4 Be6 14. Qh5 Rc8 15. Rd1 Ne7 16. Nxe7 Qxe7 17. 0-0 Rc5 18. b4 Rc3 19. Nb1 Rc4 20. Nd2 Rxb4 21. c3 Ra4 22. Bc6+ Kd8 23. c4 Kc7 24. Qf3 Rb8 25. Rc1 Kd8 26. Ne4 Bh6 27. Rc2 Rxc4 28. Rxc4 bxc4 29. Rd1 Kc7 30. Qa3 Bf8 31. Qa4 Rb6 32. Bd5 Bxd5 33. Rxd5 Qd7 34. Qxc4+ Qc6 35. Qd3 Rb1+ 36. Kg2 Rb5 37. Rxb5 axb5 38. f3 Qc4 39. Qd2 d5 40. Qa5+ Kb7 41. Nc3 Bb4 42. Qxb5+ Qxb5 43. Nxb5 Kb6 44. a4 Ka5 45. Kf2 f5 46. Ke2 e4 47. Nd4 Kxa4 48. Nxf5 Bc5 1/2-1/2

[Event "Santo Tirso IM"]
[Site "Santo Tirso"]
[Date "2020.08.15"]
[Round "4"]
[White "Sorensen, Hampus"]
[Black "Espineira Gonzalez, Diego Adrian"]
[Result "0-1"]
[WhiteElo "2361"]
[BlackElo "2386"]
[PlyCount "126"]
[EventDate "2020.08.13"]
[EventType "tourn"]
[EventRounds "9"]
[EventCountry "POR"]
[EventCategory "4"]
[SourceTitle "CBM 197 Extra"]
[Source "ChessBase"]
[SourceDate "2020.09.30"]
[SourceVersion "1"]
[SourceVersionDate "2020.09.30"]
[SourceQuality "1"]

1. d4 e6 2. c4 Nf6 3. Nf3 d5 4. Bg5 Be7 5. e3 0-0 6. Qc2 Nbd7 7. Nc3 c6 8. a3 b6 9. cxd5 exd5 10. Bd3 Bb7 11. Bf4 c5 12. 0-0 g6 13. h3 a6 14. Ne5 c4 15. Be2 b5 16. Bh6 Re8 17. f4 Nxe5 18. fxe5 Ne4 19. Rf4 f5 20. g4 Bg5 21. Bxg5 Nxg5 22. Kh2 Ne6 23. Rf2 f4 24. Qd2 Qh4 25. Rf3 g5 26. Raf1 Rf8 27. Bd1 h5 28. Rg1 Kh8 29. Rg2 fxe3 30. Qxe3 Rf4 31. Ne2 Re4 32. Qg1 hxg4 33. Rxg4 Rxg4 34. Qxg4 Qxg4 35. hxg4 Rf8 36. Rf5 a5 37. Kg3 Bc6 38. Kf2 Kg7 39. Ke3 b4 40. axb4 axb4 41. Bc2 Be8 42. Nc1 b3 43. Bb1 Rh8 44. Ne2 Rh1 45. Nc3 Rh3+ 46. Kf2 Rh2+ 47. Ke3 Rxb2 48. Rf6 Bf7 49. Bf5 Nf4 50. Rb6 Ng2+ 51. Kf3 Nh4+ 52. Ke3 Nxf5+ 53. gxf5 Rc2 54. Na4 Bh5 55. Rb7+ Kf8 56. Rb8+ Ke7 57. f6+ Ke6 58. Rb6+ Kf5 59. Nc3 Rxc3+ 60. Kf2 Rc2+ 61. Kg3 b2 62. f7 Bxf7 63. Kf3 Bh5+ 0-1

[Event "Guimaraes op 3rd"]
[Site "Guimaraes"]
[Date "2019.08.30"]
[Round "4"]
[White "Espineira Gonzalez, Diego Adrian"]
[Black "Grigoryan, Karen H"]
[Result "0-1"]
[WhiteElo "2362"]
[BlackElo "2562"]
[PlyCount "80"]
[EventDate "2019.08.28"]
[EventType "swiss"]
[EventRounds "7"]
[EventCountry "POR"]
[SourceTitle "EXT 2020"]
[Source "ChessBase"]
[SourceDate "2019.10.17"]
[SourceVersion "1"]
[SourceVersionDate "2019.10.17"]
[SourceQuality "1"]

1. e4 g6 2. d4 Bg7 3. Nf3 d6 4. c4 Bg4 5. Nc3 Bxf3 6. gxf3 Nc6 7. Be3 e5 8. dxe5 Nxe5 9. Be2 Nf6 10. Qa4+ Nfd7 11. c5 0-0 12. cxd6 cxd6 13. 0-0-0 Nb6 14. Qb4 Rc8 15. Kb1 Nbc4 16. Bxc4 Nxc4 17. Bd4 a5 18. Qa4 Qg5 19. Bxg7 Kxg7 20. Rd4 Qc5 21. Ne2 b5 22. Qd1 Qb4 23. b3 a4 24. Ka1 axb3 25. Qxb3 Qc5 26. Rhd1 Ra8 27. Nc3 Ra3 28. Rxc4 bxc4 29. Qb2 Raa8 30. Nb5+ Qe5 31. Nxd6 c3 32. Qc2 Rfb8 33. Nc4 Qf6 34. Rd3 Rxa2+ 35. Kxa2 Qa6+ 36. Na3 Rb2+ 37. Qxb2 cxb2 38. Rb3 Qe2 39. Nb5 Qxf2 40. h3 h5 0-1

[Event "Guimaraes op 3rd"]
[Site "Guimaraes"]
[Date "2019.08.29"]
[Round "3"]
[White "Espineira Gonzalez, Diego Adrian"]
[Black "Dieguez Novoa, Benjamin"]
[Result "1-0"]
[WhiteElo "2362"]
[BlackElo "1333"]
[PlyCount "51"]
[EventDate "2019.08.28"]
[EventType "swiss"]
[EventRounds "7"]
[EventCountry "POR"]
[SourceTitle "EXT 2020"]
[Source "ChessBase"]
[SourceDate "2019.10.17"]
[SourceVersion "1"]
[SourceVersionDate "2019.10.17"]
[SourceQuality "1"]

1. e4 c6 2. d4 d5 3. Nd2 dxe4 4. Nxe4 Bf5 5. Ng3 Bg6 6. Nf3 Nf6 7. h4 h6 8. Ne5 Bh7 9. Bc4 e6 10. Qe2 Bd6 11. Nxf7 Qe7 12. Nxh8 Nbd7 13. Qxe6 0-0-0 14. Qxe7 Bxe7 15. Nf7 Re8 16. 0-0 Bb4 17. c3 Bf8 18. Bf4 c5 19. Rfe1 Rxe1+ 20. Rxe1 Nb6 21. Be6+ Nbd7 22. b4 cxd4 23. cxd4 Bxb4 24. Rc1+ Bc2 25. Rxc2+ Bc5 26. Rxc5# 1-0

[Event "Guimaraes op 3rd"]
[Site "Guimaraes"]
[Date "2019.08.29"]
[Round "2"]
[White "Gomez Peco, David"]
[Black "Espineira Gonzalez, Diego Adrian"]
[Result "0-1"]
[WhiteElo "2104"]
[BlackElo "2362"]
[PlyCount "30"]
[EventDate "2019.08.28"]
[EventType "swiss"]
[EventRounds "7"]
[EventCountry "POR"]
[SourceTitle "EXT 2020"]
[Source "ChessBase"]
[SourceDate "2019.10.17"]
[SourceVersion "1"]
[SourceVersionDate "2019.10.17"]
[SourceQuality "1"]

1. e4 c5 2. Nf3 e6 3. d4 cxd4 4. Nxd4 a6 5. c4 Nf6 6. Nc3 Qc7 7. a3 Nxe4 8. Nxe4 Qe5 9. Bd3 Qxd4 10. 0-0 f5 11. Be3 Qe5 12. Ng5 Bc5 13. Qh5+ g6 14. Qh3 Bxe3 15. fxe3 h6 0-1

[Event "ESP-chT CECLUB Div2"]
[Site "Linares"]
[Date "2019.08.19"]
[Round "1.1"]
[White "Espineira Gonzalez, Diego Adrian"]
[Black "Jones, Gawain C B"]
[Result "1/2-1/2"]
[WhiteElo "2362"]
[BlackElo "2692"]
[PlyCount "150"]
[EventDate "2019.08.19"]
[EventType "team-swiss"]
[EventRounds "7"]
[EventCountry "ESP"]
[SourceTitle "EXT 2020"]
[Source "ChessBase"]
[SourceDate "2019.10.17"]
[SourceVersion "1"]
[SourceVersionDate "2019.10.17"]
[SourceQuality "1"]
[WhiteTeam "Padron CC"]
[BlackTeam "Sestao"]
[WhiteTeamCountry "ESP"]
[BlackTeamCountry "ESP"]

1. e4 c5 2. Nf3 Nc6 3. d4 cxd4 4. Nxd4 g6 5. Nb3 Bg7 6. Be2 Nf6 7. Nc3 a6 8. a4 d6 9. 0-0 Be6 10. Be3 0-0 11. f4 Nd7 12. Qd2 Bxb3 13. cxb3 Nc5 14. Bxc5 dxc5 15. Qxd8 Rfxd8 16. Rad1 Bd4+ 17. Kh1 Na5 18. Bc4 Kg7 19. g3 Rab8 20. f5 gxf5 21. exf5 Rd6 22. Rf4 Nxc4 23. bxc4 Bxc3 24. Rxd6 exd6 25. bxc3 Re8 26. Kg2 Re2+ 27. Rf2 Rxf2+ 28. Kxf2 Kf6 29. g4 b6 30. Ke3 Ke5 31. h4 d5 32. cxd5 b5 33. axb5 axb5 34. d6 Kxd6 35. Ke4 b4 36. c4 b3 37. Kd3 Ke5 38. Kc3 Kf4 39. Kxb3 Kxg4 40. Ka4 Kxh4 41. Kb5 h5 42. Kxc5 Kg5 43. Kd6 h4 44. c5 h3 45. c6 h2 46. c7 h1Q 47. c8Q Qh6+ 48. Kd5 Qh1+ 49. Kd6 Qh6+ 50. Kd5 Qf6 51. Ke4 Qe7+ 52. Kf3 Qe5 53. Qg8+ Kf6 54. Qd8+ Kxf5 55. Qd7+ Kg6 56. Qc6+ Kh5 57. Qd7 Qf6+ 58. Kg3 Kg6 59. Qd3+ Qf5 60. Qd6+ Kh5 61. Qd1+ Kh6 62. Qd6+ Kg5 63. Qd8+ Kg6 64. Qd6+ f6 65. Qd4 Qg5+ 66. Kf3 Kh5 67. Qd7 Qc5 68. Qh3+ Kg6 69. Qg4+ Kf7 70. Qd7+ Kf8 71. Qd8+ Kg7 72. Qd7+ Kh6 73. Qh3+ Kg6 74. Qg4+ Qg5 75. Qxg5+ Kxg5 1/2-1/2

[Event "Pontevedra op 7th"]
[Site "Pontevedra"]
[Date "2019.08.12"]
[Round "6"]
[White "Torres Bosch, Jose Francisco"]
[Black "Espineira Gonzalez, Diego Adrian"]
[Result "1/2-1/2"]
[WhiteElo "2129"]
[BlackElo "2362"]
[PlyCount "118"]
[EventDate "2019.08.08"]
[EventType "swiss"]
[EventRounds "9"]
[EventCountry "ESP"]
[SourceTitle "EXT 2020"]
[Source "ChessBase"]
[SourceDate "2019.10.17"]
[SourceVersion "1"]
[SourceVersionDate "2019.10.17"]
[SourceQuality "1"]

1. e4 c5 2. Nf3 e6 3. d4 cxd4 4. Nxd4 a6 5. Bd3 Nf6 6. 0-0 Qc7 7. c4 Nc6 8. Nxc6 dxc6 9. Nc3 e5 10. b3 Bc5 11. Bb2 Bd4 12. Qc2 Be6 13. Na4 Rd8 14. c5 0-0 15. Rad1 Nh5 16. Bxd4 Rxd4 17. Be2 Nf4 18. Rxd4 exd4 19. Rd1 Qe5 20. g3 Nh3+ 21. Kg2 f5 22. f4 fxe4 23. fxe5 Rf2+ 24. Kh1 d3 25. Bxd3 exd3 26. Qxd3 Bd5+ 27. Qxd5+ cxd5 28. Nc3 Rc2 29. Rxd5 Rxc3 30. e6 Kf8 31. Kg2 Ke7 32. Rd7+ Kxe6 33. Rd6+ Ke7 34. Kxh3 Rxc5 35. Rb6 Rc7 36. Kg4 Kd7 37. h4 Kc8 38. h5 Rc2 39. a4 Kc7 40. Rb4 Re2 41. Rf4 Re7 42. Kg5 Kb6 43. Rd4 Kc5 44. Rc4+ Kd5 45. g4 b5 46. axb5 axb5 47. Rc8 Re5+ 48. Kh4 h6 49. Rc7 Rg5 50. b4 Ke4 51. Re7+ Kf3 52. Rf7+ Ke4 53. Re7+ Kd4 54. Rc7 Ke4 55. Kg3 Ke3 56. Re7+ Kd4 57. Rc7 Ke3 58. Re7+ Kd4 59. Rc7 Ke3 1/2-1/2

[Event "POR-chT"]
[Site "Evora"]
[Date "2019.07.16"]
[Round "2.1"]
[White "Sousa, Andre Ventura"]
[Black "Espineira Gonzalez, Diego Adrian"]
[Result "1/2-1/2"]
[WhiteElo "2362"]
[BlackElo "2361"]
[PlyCount "114"]
[EventDate "2019.07.15"]
[EventType "team-tourn"]
[EventRounds "9"]
[EventCountry "POR"]
[SourceTitle "CBM 191 Extra"]
[Source "ChessBase"]
[SourceDate "2019.09.30"]
[SourceVersion "1"]
[SourceVersionDate "2019.09.30"]
[SourceQuality "1"]
[WhiteTeam "Gaia"]
[BlackTeam "O Amanha da Crianca"]
[WhiteTeamCountry "POR"]
[BlackTeamCountry "POR"]

1. e4 e6 2. d4 d5 3. exd5 exd5 4. Nf3 Nc6 5. Bb5 Bd6 6. c4 Bb4+ 7. Nc3 Nge7 8. Qb3 0-0 9. 0-0 Bxc3 10. Qxc3 dxc4 11. Bg5 Qd6 12. Qxc4 Bg4 13. Ne5 Be6 14. Bxe7 Nxe7 15. Qc5 Rfd8 16. Rfd1 Nf5 17. Nf3 Bd5 18. Ne5 f6 19. Nd3 c6 20. Ba4 g6 21. Rd2 Bf7 22. Rad1 Qxd4 23. Qxd4 Rxd4 24. Nc5 Rc4 25. Rc2 Rxc2 26. Bxc2 Bd5 27. Bb3 Bxb3 28. axb3 b6 29. Ne4 Rf8 30. b4 Kg7 31. g4 Nh4 32. f4 Rf7 33. Kf2 Re7 34. Nc3 h5 35. h3 hxg4 36. hxg4 g5 37. f5 Kf7 38. Rd6 c5 39. Nd5 Re4 40. Rd7+ Kf8 41. bxc5 bxc5 42. Nxf6 Rb4 43. Nh7+ Ke8 44. Nf6+ Kf8 45. Nh7+ Ke8 46. Rxa7 Rxb2+ 47. Ke3 Rb4 48. f6 Rf4 49. Rg7 Ng2+ 50. Kd3 c4+ 51. Kc3 Rf3+ 52. Kb4 c3 53. Rxg5 c2 54. Rc5 Rf4+ 55. Kb5 Ne3 56. Rc3 Nxg4 57. Rxc2 Nxf6 1/2-1/2

[Event "Ourense Campus 6th"]
[Site "Ourense"]
[Date "2019.07.02"]
[Round "2.7"]
[White "Espineira Gonzalez, Diego Adrian"]
[Black "Alvarez Pampillon, Antonio"]
[Result "1-0"]
[WhiteElo "2361"]
[BlackElo "1784"]
[PlyCount "55"]
[EventDate "2019.07.01"]
[EventType "swiss"]
[EventRounds "9"]
[EventCountry "ESP"]
[SourceTitle "EXT 2024"]
[Source "ChessBase"]
[SourceDate "2023.10.10"]
[SourceVersion "1"]
[SourceVersionDate "2023.10.10"]
[SourceQuality "1"]

1. d4 g6 2. c4 c5 3. d5 b5 4. cxb5 a6 5. bxa6 Bxa6 6. Nc3 d6 7. Nf3 Nf6 8. e4 Bxf1 9. Kxf1 Nbd7 10. g3 Bg7 11. Kg2 0-0 12. Qe2 Qa5 13. Bd2 Rfb8 14. b3 Ne8 15. Na4 Qa7 16. Bc3 Nc7 17. h4 e6 18. Bxg7 Kxg7 19. dxe6 fxe6 20. Rac1 Nb6 21. Nc3 d5 22. exd5 exd5 23. h5 Nd7 24. hxg6 hxg6 25. Rce1 Re8 26. Qd2 Qb6 27. Qh6+ Kf6 28. Qg5+ 1-0

[Event "Galego-ch Women and Seniors"]
[Site "Padron"]
[Date "2019.04.16"]
[Round "4.2"]
[White "Espineira Gonzalez, Diego Adrian"]
[Black "Rey Malde, Henrique"]
[Result "1/2-1/2"]
[WhiteElo "2343"]
[BlackElo "2151"]
[PlyCount "77"]
[EventDate "2019.04.14"]
[EventType "swiss"]
[EventRounds "8"]
[EventCountry "ESP"]
[SourceTitle "EXT 2024"]
[Source "ChessBase"]
[SourceDate "2023.10.10"]
[SourceVersion "1"]
[SourceVersionDate "2023.10.10"]
[SourceQuality "1"]

1. e4 c5 2. Nf3 d6 3. d4 cxd4 4. Nxd4 Nf6 5. Nc3 g6 6. g3 Nc6 7. Nde2 Bd7 8. Bg2 Qc8 9. Nf4 Bg7 10. Ncd5 Nxd5 11. Nxd5 0-0 12. 0-0 Bh3 13. a4 Bxg2 14. Kxg2 Qd7 15. c3 Rad8 16. Be3 e6 17. Nf4 d5 18. exd5 exd5 19. Ne2 d4 20. Nxd4 Nxd4 21. cxd4 Bxd4 22. Bxd4 Qxd4 23. Qf3 Qd5 24. Rfd1 Qxf3+ 25. Kxf3 Kg7 26. Rac1 Kf6 27. b4 Rxd1 28. Rxd1 Ke6 29. Rc1 Kd6 30. Kf4 h6 31. Rd1+ Ke6 32. Rc1 Kd6 33. Rc2 Re8 34. Rd2+ Kc7 35. h4 Re1 36. Rd4 Ra1 37. b5 Ra2 38. f3 Ra3 39. Ke4 1/2-1/2

[Event "Lorca op 7th"]
[Site "Lorca"]
[Date "2018.12.30"]
[Round "8"]
[White "Gascon del Nogal, Jose Rafael"]
[Black "Espineira Gonzalez, Diego Adrian"]
[Result "1/2-1/2"]
[WhiteElo "2484"]
[BlackElo "2299"]
[PlyCount "110"]
[EventDate "2018.12.26"]
[EventType "swiss"]
[EventRounds "9"]
[EventCountry "ESP"]
[SourceTitle "CBM 188 Extra"]
[Source "ChessBase"]
[SourceDate "2019.02.26"]
[SourceVersion "1"]
[SourceVersionDate "2019.02.26"]
[SourceQuality "1"]

1. d4 d5 2. c4 e6 3. Nc3 Nf6 4. Bg5 Be7 5. e3 0-0 6. Nf3 h6 7. Bh4 c6 8. Qc2 Nbd7 9. 0-0-0 a6 10. Rg1 dxc4 11. g4 Nh7 12. Bxe7 Qxe7 13. Bxc4 Ng5 14. Nxg5 hxg5 15. h4 gxh4 16. g5 g6 17. f4 Kg7 18. Rh1 Rh8 19. Qf2 b5 20. Rxh4 Bb7 21. Rdh1 bxc4 22. Ne4 c5 23. Qh2 Qd8 24. Rh7+ Rxh7 25. Qxh7+ Kf8 26. Nd6 Ke7 27. Nxf7 Qe8 28. Ne5+ Kd8 29. Rd1 Qe7 30. Qxg6 Nxe5 31. dxe5+ Kc7 32. Qc2 Rd8 33. Rxd8 Qxd8 34. Qxc4 Qd5 35. Qxd5 Bxd5 36. g6 Be4 37. g7 Bh7 38. Kd2 Kc6 39. e4 Kd7 40. Kc3 Ke7 41. f5 exf5 42. exf5 Kf7 43. f6 Ke6 44. Kc4 Bg8 45. Kxc5 Kxe5 46. a4 Kxf6 47. Kb6 Bc4 48. g8Q Bxg8 49. Kxa6 Bb3 50. a5 Ke6 51. Kb7 Kd5 52. Kb6 Kc4 53. a6 Bd1 54. a7 Bf3 55. b4 Kxb4 1/2-1/2

[Event "Lorca op 7th"]
[Site "Lorca"]
[Date "2018.12.29"]
[Round "6"]
[White "Nayhebaver, Martin"]
[Black "Espineira Gonzalez, Diego Adrian"]
[Result "1-0"]
[WhiteElo "2460"]
[BlackElo "2299"]
[PlyCount "141"]
[EventDate "2018.12.26"]
[EventType "swiss"]
[EventRounds "9"]
[EventCountry "ESP"]
[SourceTitle "CBM 188 Extra"]
[Source "ChessBase"]
[SourceDate "2019.02.26"]
[SourceVersion "1"]
[SourceVersionDate "2019.02.26"]
[SourceQuality "1"]

1. e4 e6 2. d4 d5 3. Nc3 Nf6 4. Bg5 Be7 5. e5 Nfd7 6. h4 h6 7. Bxe7 Qxe7 8. Qg4 f5 9. Qf4 a6 10. Nf3 c5 11. dxc5 Nxc5 12. 0-0-0 Nc6 13. Bd3 0-0 14. Ne2 Bd7 15. Nfd4 Ne4 16. Kb1 Be8 17. Rhf1 Nc5 18. Qe3 Rc8 19. g3 Nxd4 20. Qxd4 Qc7 21. Nf4 g5 22. hxg5 hxg5 23. Nh3 Nxd3 24. cxd3 Qc2+ 25. Ka1 Bh5 26. Rde1 Be2 27. Rh1 Qd2 28. Qe3 Qxe3 29. fxe3 Bxd3 30. Nxg5 Rc6 31. Rh6 Rfc8 32. b4 Rc1+ 33. Rxc1 Rxc1+ 34. Kb2 Rc2+ 35. Kb3 Re2 36. Kc3 Bc4 37. Rg6+ Kh8 38. Rxe6 Rxe3+ 39. Kd4 Rd3+ 40. Kc5 Rxg3 41. Rg6 f4 42. e6 Bd3 43. Nf7+ Kh7 44. Rf6 Re3 45. Rxf4 Kg7 46. Kd6 Bb5 47. Ne5 Be8 48. e7 Re2 49. a3 Re3 50. Nd7 d4 51. Rg4+ Kf7 52. Rf4+ Kg7 53. Nf6 Bc6 54. Ng4 Re2 55. Rxd4 Be8 56. Ne5 Ba4 57. Rg4+ Kf6 58. Rf4+ Kg5 59. Rf8 Re3 60. e8Q Bxe8 61. Rxe8 Rxa3 62. Nc4 Rb3 63. Kc5 Rc3 64. Re3 Rc1 65. Kd4 Rb1 66. Kc3 Rc1+ 67. Kb3 Rb1+ 68. Nb2 Ra1 69. Nd3 a5 70. Re5+ Kf6 71. Rxa5 1-0